ARRUPE JESUIT UNIVERSITY

CORONAVIRUS -STOP THE SPREAD - CLEAN,DISINFECT,COVER

Memoires (Record no. 123805)

MARC details
000 -LEADER
fixed length control field 00554nam a22001697a 4500
005 - DATE AND TIME OF LATEST TRANSACTION
control field 20151119111428.0
008 - FIXED-LENGTH DATA ELEMENTS--GENERAL INFORMATION
fixed length control field 151119b xxu||||| |||| 00| 0 eng d
050 ## - LIBRARY OF CONGRESS CALL NUMBER
Classification number DC130.S2
Item number A188
100 ## - MAIN ENTRY--PERSONAL NAME
Personal name Saint-Simon, Henri de
9 (RLIN) 21137
245 ## - TITLE STATEMENT
Title Memoires
Statement of responsibility, etc by Saint-Simon, Henri de
260 ## - PUBLICATION, DISTRIBUTION, ETC. (IMPRINT)
Place of publication, distribution, etc Gonzague Truc
Name of publisher, distributor, etc Texte Etabli et Annote Par
Date of publication, distribution, etc 1947
300 ## - PHYSICAL DESCRIPTION
Extent xxxviii, 1221p.;
Dimensions 18cm.
651 ## - SUBJECT ADDED ENTRY--GEOGRAPHIC NAME
Geographic name France
General subdivision History
Source of heading or term Louis xiv
9 (RLIN) 21138
651 ## - SUBJECT ADDED ENTRY--GEOGRAPHIC NAME
Geographic name France
General subdivision History
Source of heading or term Regents
9 (RLIN) 21138
651 ## - SUBJECT ADDED ENTRY--GEOGRAPHIC NAME
Geographic name France
General subdivision Court
Chronological subdivision to 1723
9 (RLIN) 21139
942 ## - ADDED ENTRY ELEMENTS (KOHA)
Source of classification or shelving scheme Library of Congress Classification
Item type Monograph ( Printed materials)
Holdings
Withdrawn status Lost status Source of classification or shelving scheme Damaged status Not for loan Collection code Home library Current library Shelving location Date acquired Total Checkouts Full call number Barcode Date last seen Price effective from Koha item type
    Library of Congress Classification     Main Collection ARRUPE LIBRARY ARRUPE LIBRARY Main Collection 19/11/2015   DC130.S2A188 46500005775 04/12/2017 19/11/2015 Monograph ( Printed materials)

 

Arrupe Library. PO Box MP320 Mt Pleasant, Harare, Zimbabwe
263 242 745411|librarian@aju.ac.zw